| 000 | 02174cam a2200325 i 4500 | ||
|---|---|---|---|
| 003 | SA-RiAUC | ||
| 005 | 20250414062724.0 | ||
| 008 | 250408s2013 le f b 000 0 ara c | ||
| 020 | _a9789953533957 | ||
| 024 | 0 | _a00000000524706 | |
| 040 |
_aSA-JeALM _bara _cSA-RiAUC _dAE-DuMBRL _erda |
||
| 050 | 4 | _b. U3 2013 | |
| 082 | 0 | 4 |
_a250 _qSA-RiAUC |
| 090 |
_a250 _b ع و د |
||
| 100 | 1 |
_aعودة، جاسر، _d1966- _eمؤلف. |
|
| 245 | 1 | 0 |
_aنقد نظرية النسخ : _bبحث في فقه مقاصد الشريعة / _cد. جاسر عودة. |
| 250 | _aالطبعة الأولى. | ||
| 264 | 1 |
_aبيروت : _bالشبكة العربية للأبحاث والنشر، _c2013. |
|
| 300 |
_a143 صفحة ؛ _b22 × 14 سم |
||
| 336 |
_aنص _btxt _2rdacontent _3كتاب |
||
| 337 |
_aبدون وسيط _bn _2rdamedia |
||
| 338 |
_aمجلد _bnc _2rdacarrier |
||
| 500 | _aإهداء من المؤلف جاسر عودة بتاريخ 2013/11/30 م | ||
| 504 | _aببليوجرافية : صفحة 133-143. | ||
| 520 | _aيسعى الباحث الدكتور جاسر عودة من خلال كتابه إلى الحفاظ على مرونة الفقه الإسلامي وعلى أعمال النصوص ورفض تعطيلها وهو ينقد بذلك نظرية النسخ التي تنتهي إلى إلغاء الأحكام الشرعية الثابتة وخلال خمسة فصول من الكتاب استعرض الباحث أهداف ومقاصد الشريعة وعن التناقض والتعارض في ذهن المجتهد في الأمر الشرعي ثم يستعرض نظرية النسخ بتعريفاتها واستخدماتها وينقد بعض مناهج الاستلال عليها ويمثل الباحث على أعمال النصوص المحكمة المتعارضة باستخدام مقاصد الشريعة ثم ينتهي إلى خلاصة نظرية وخلاصة عملية فيما يتعلق بتعارض النصوص وطريقة أعمالها. | ||
| 650 | 7 |
_aمقاصد الشريعة _2aucsh |
|
| 650 | 7 |
_aالفقه الإسلامي _2aucsh |
|
| 942 |
_2ddc _cBOOK _n0 |
||
| 949 |
_aSA-JeALM _d250408 _umohamedma123 _n1 |
||
| 999 |
_c6980 _d6980 |
||